Leçons de géométrie différentielle /
Guardado en:
| Autor Principal: | |
|---|---|
| Formato: | Libro |
| Idioma: | French Romanian |
| Publicado: |
[Bucuresti] :
Éditions de l'Académie de la République Populaire Roumaine,
1957-1975.
|
| Etiquetas: |
Agregar Etiqueta
Sin Etiquetas, Sea el primero en etiquetar este registro!
|
| LEADER | 01743nam a22002895a 4500 | ||
|---|---|---|---|
| 001 | MAT.inmabb001040 | ||
| 008 | 031120m19571975rm#######b####000#0#fre#d | ||
| 005 | 20130315135903.0 | ||
| 245 | 1 | 0 | |a Leçons de géométrie différentielle / |c G. Vranceanu. |
| 260 | |a [Bucuresti] : |b Éditions de l'Académie de la République Populaire Roumaine, |c 1957-1975. | ||
| 300 | |a 4 v. ; |c 25 cm. | ||
| 500 | |a Traducción de: Lectii de geometrie diferentiala. | ||
| 500 | |a Fechas de publicación: v. 1-2, 1957; v. 3, 1964; v. 4, 1975. El v. 1 fue publicado previamente en 1947. | ||
| 504 | |a Incluye referencias bibliográficas. | ||
| 505 | 0 | |a v. 1. Congruences. Formes de Pfaff. Groupes continus. Invariants et équivalence. Espaces à connexion affine. Espaces de Riemann. Espaces à connexion projective -- v. 2. Espaces partiellment projectifs. Espaces à connexion conforme. Tenseurs du second ordre. Espaces non holonomes. Invariants des equations aux dérivées partielles du second ordre. Géométrie différentielle globale -- v. 3. Propriétés globales des groupes de Lie. Théorie des correspondances. Espaces homogènes. Nombres de Betti. Groupes d'holonomie -- v. 4. Groupes discrets. Variétés différentiables. | |
| 500 | |a La biblioteca posee vols. 1, 2, 3. |5 AR-BbIMB | ||
| 510 | 4 | |a MR, |c 23 #A2133 |3 (v. 1-2) | |
| 510 | 4 | |a MR, |c 31 #1615 |3 (v. 3) | |
| 510 | 4 | |a MR, |c 52 #11779 |3 (v. 4) | |
| 100 | 1 | |a Vranceanu, Gheorghe, |d 1900-1979. | |
| 240 | 1 | 0 | |a Lectii de geometrie diferentiala. |l Francés |
| 084 | |a 53-01 |2 msc2000 | ||
| 010 | |a 62049420 | ||
| 041 | 1 | |a fre |h rum | |
| 859 | |h 53 |i V978f |p A-930 |v 1 |3 Vol. 1 |b BIB. MATEMATICA | ||
| 859 | |h 53 |i V978f |p A-931 |v 2 |3 Vol. 2 |b BIB. MATEMATICA | ||
| 859 | |h 53 |i V978f |p A-1409 |v 3 |3 Vol. 3 |b BIB. MATEMATICA | ||
